歴代コナン映画一覧 - Statistics

General Stats
  • This quiz has been taken 594 times
  • The average score is 15 of 26
Answer Stats
公開日 タイトル % Correct
2015年4月18日 業火の向日葵
73%
2019年4月12日 紺青の拳(こんじょうのフィスト)
70%
2022年4月15日 ハロウィンの花嫁
68%
2003年4月19日 迷宮の十字路(クロスロード)
66%
2017年4月15日 から紅の恋歌(ラブレター)
65%
2009年4月18日 漆黒の追跡者(チェイサー)
63%
2016年4月16日 純黒の悪夢(ナイトメア)
63%
2021年4月16日 緋色の弾丸(ひいろのだんがん)
63%
2012年4月14日 11人目のストライカー
63%
2001年4月21日 天国へのカウントダウン
62%
1997年4月19日 時計じかけの摩天楼
61%
2002年4月20日 ベイカー街(ストリート)の亡霊
61%
2010年4月17日 天空の難破船(ロスト・シップ)
61%
2011年4月16日 沈黙の15分(クォーター)
61%
2023年4月14日 黒鉄の魚影
60%
2018年4月13日 ゼロの執行人(しっこうにん)
58%
1998年4月18日 14番目の標的
58%
2006年4月15日 探偵たちの鎮魂歌(レクイエム)
57%
2000年4月22日 瞳の中の暗殺者
56%
2004年4月17日 銀翼の奇術師(マジシャン)
54%
2013年4月20日 絶海の探偵(プライベート・アイ)
52%
2007年4月21日 紺碧の棺(ジョリー・ロジャー)
51%
2014年4月19日 異次元の狙撃手(スナイパー)
51%
1999年4月17日 世紀末の魔術師
50%
2008年4月19日 戦慄の楽譜(フルスコア)
50%
2005年4月9日 水平線上の陰謀(ストラテジー)
48%
No matching quizzes found
Score Distribution
Percent of People with Each Score
Percentile by Number Answered
Your Score History
You have not taken this quiz